000 01259cam a22001934a 4500
005 20250605164127.0
008 250528s ||||||||||||||||||||||||d
035 _a18496
020 _a133537315
040 _aGR-AtMCL
_bgre
_dGR-AtMCL
_eAACR2
245 1 _aFuzzy Engineering
260 _bPrentice Hall International,
_c1997
300 _a550
520 _aPreface, Introduction, Fuzzy Logic and Engineering, Fuzzy Function Approximation, Additive Fuzzy Systems, Ellipsoidal Fuzzy Systems, Fuzzy Control and Chaos, Fuzzy Control for Platoons of Smart Cars, Fuzzy Chaos and Recursive Partitioning, Fuzzy Signal Processing, Fuzzy Filters for Impulsive Noise, Fuzzy Subband Image Coding, Fuzzy Communication, Adaptive Fuzzy Frequency Hopping for Spread Spectrum, Fuzzy Signal Detection in Impulsive Noise, Fuzzy Hardware, Adaptive VLSI Addictive Fuzzy Systems, Optical Addictive Fuzzy Systems, Computing in Fuzzy Cubes, Fuzzy Cubes and Fuzzy Mutual Entropy, Adaptive Subsethood for Radial Basis Fuzzy Systems, Feedback in Fuzzy Cubes, Fuzzy Adaptive Resonance Theory, Virtual Worlds in Fuzzy Cognitive Maps, How to Use the Fuzzy Software, Index, List of Contributors.
700 1 _aKosko Bart
_94758
942 _cBK
999 _c3854
_d3854